[Event "I Festival Capo d'Orso"]
[Site "Portomannu - Palau ITA"]
[Date "2007.05.26"]
[Round "9"]
[White "Aagaard, Jacob"]
[Black "Marin, Mihail"]
[Result "1/2-1/2"]
[WhiteElo "2477"]
[BlackElo "2533"]
[PlyCount "35"]
[EventDate "2007.05.19"]

1. e4 e5 2. Nf3 Nc6 3. Bb5 a6 4. Ba4 Nf6 5. O-O Be7 6. Re1 b5 7. Bb3 d6 8. c3
O-O 9. h3 Re8 10. Ng5 Rf8 11. Nf3 Re8 12. d4 Bb7 13. Ng5 Rf8 14. Nf3 Re8 15.
Nbd2 Bf8 16. d5 Nb8 17. Nf1 Nbd7 18. Ng3 1/2-1/2

[Event "I Festival Capo d'Orso"]
[Site "Portomannu - Palau ITA"]
[Date "2007.05.26"]
[Round "9"]
[White "Agrifoglio, Fabio"]
[Black "Diotallevi, Maurizio"]
[Result "1/2-1/2"]
[WhiteElo "2000"]
[BlackElo "2137"]
[PlyCount "97"]
[EventDate "2007.05.19"]

1. d4 d5 2. c4 e6 3. Nc3 Nf6 4. Bg5 Be7 5. e3 h6 6. Bf4 c6 7. Qc2 Nbd7 8. cxd5
exd5 9. O-O-O Nf8 10. Bd3 Ne6 11. Be5 Bd6 12. h3 Bxe5 13. dxe5 Nd7 14. f4 Qb6
15. Qe2 Ndc5 16. Bc2 Bd7 17. Nf3 O-O-O 18. Nd4 g6 19. Qd2 Ng7 20. g4 Rde8 21.
e4 dxe4 22. Nxe4 Nxe4 23. Bxe4 Rd8 24. Qc3 Rhe8 25. a4 Kb8 26. a5 Qc7 27. Nf3
a6 28. Rhe1 Be6 29. Rd4 Rxd4 30. Nxd4 Bd7 31. Qd2 Rd8 32. Rd1 Kc8 33. Qc3 g5
34. Nf5 Nxf5 35. Rxd7 Rxd7 36. Bxf5 gxf4 37. e6 fxe6 38. Bxe6 Kb8 39. Bxd7 Qxd7
40. Qe5+ Ka7 41. Qxf4 Qe6 42. Qd4+ Ka8 43. Qc3 Qd6 44. Kc2 c5 45. Qe3 Qc6 46.
Qc3 Ka7 47. b4 Qe4+ 48. Kb3 Qd5+ 49. Ka3 1/2-1/2

[Event "I Festival Capo d'Orso"]
[Site "Portomannu - Palau ITA"]
[Date "2007.05.26"]
[Round "9"]
[White "Bieg Pagel, Clemens"]
[Black "Bitti, Sandro"]
[Result "1-0"]
[WhiteElo "2011"]
[BlackElo "1719"]
[PlyCount "81"]
[EventDate "2007.05.19"]

1. e4 d5 2. d4 dxe4 3. Nc3 Nf6 4. f3 exf3 5. Qxf3 c6 6. Be3 Bg4 7. Qf2 e6 8.
Bd3 Bb4 9. Nf3 Nbd7 10. O-O Qc7 11. Ne5 Nxe5 12. dxe5 Qxe5 13. Bd4 Qh5 14. Bxf6
gxf6 15. Ne4 Be7 16. Nxf6+ Bxf6 17. Qxf6 Rg8 18. Rae1 Bh3 19. Rf2 Rd8 20. Rfe2
Rd6 21. Kh1 Bg4 22. Re5 Bf5 23. Bxf5 Rxg2 24. Rxe6+ fxe6 25. Rxe6+ Rxe6 26.
Qxe6+ Kf8 27. Kxg2 Qg5+ 28. Kf3 Qh5+ 29. Bg4 Qb5 30. Qf5+ Kg7 31. Qxb5 cxb5 32.
Ke4 Kf6 33. Kd5 Kg5 34. Bc8 b6 35. Kc6 b4 36. Kb7 Kf4 37. Kxa7 h5 38. Kxb6 h4
39. Kb5 Kf3 40. Kxb4 Kg2 41. h3 1-0

[Event "I Festival Capo d'Orso"]
[Site "Portomannu - Palau ITA"]
[Date "2007.05.26"]
[Round "9"]
[White "Brugo, Marco"]
[Black "Grosse Honebrink, Brigitte"]
[Result "0-1"]
[WhiteElo "2125"]
[BlackElo "1945"]
[PlyCount "85"]
[EventDate "2007.05.19"]

1. d4 Nf6 2. c4 e6 3. Nc3 d5 4. cxd5 exd5 5. Bg5 Be7 6. e3 Nbd7 7. Bd3 c6 8.
Qc2 O-O 9. Nge2 Re8 10. O-O Nf8 11. f3 Ng6 12. Rae1 Qd6 13. e4 dxe4 14. fxe4
Ng4 15. e5 N6xe5 16. Ne4 Nf3+ 17. Rxf3 Qxh2+ 18. Kf1 Bxg5 19. Nxg5 Qh1+ 20. Ng1
Rxe1+ 21. Kxe1 Qxg1+ 22. Bf1 g6 23. Nxf7 Qxd4 24. Bc4 Kg7 25. Qc3 Qxc3+ 26.
Rxc3 Bf5 27. Nd6 Ne5 28. Nxb7 Nxc4 29. Rxc4 Rb8 30. Nd6 Rxb2 31. Rxc6 Rxa2 32.
Ne8+ Kh6 33. Rc7 a5 34. Nf6 g5 35. g4 Bb1 36. Ng8+ Kg6 37. Ne7+ Kf6 38. Ng8+
Ke5 39. Rc5+ Kf4 40. Nf6 Ra3 41. Rc4+ Kf3 42. Kd2 a4 43. Ne4 0-1

[Event "I Festival Capo d'Orso"]
[Site "Portomannu - Palau ITA"]
[Date "2007.05.26"]
[Round "9"]
[White "Burlando, Alessandro"]
[Black "Di Paolo, Raffaele"]
[Result "0-1"]
[WhiteElo "2115"]
[BlackElo "2341"]
[PlyCount "84"]
[EventDate "2007.05.19"]

1. d4 d5 2. c4 c6 3. cxd5 cxd5 4. Nc3 Nf6 5. Bf4 Nc6 6. e3 e6 7. Bd3 Be7 8. h3
O-O 9. Rc1 Qa5 10. Nf3 Ne4 11. O-O f5 12. Nb5 Bd7 13. Bc7 b6 14. a3 Rac8 15. b4
Qa6 16. Qb3 Nxb4 17. axb4 Bxb5 18. Ra1 Bxd3 19. Rxa6 Bxa6 20. b5 Bxb5 21. Qxb5
Rxc7 22. Ne5 Bf6 23. f3 Nc3 24. Qd3 Bxe5 25. dxe5 b5 26. g4 b4 27. Qa6 Re8 28.
Qd6 Rb7 29. Qc6 Rbb8 30. Ra1 a5 31. Kf2 fxg4 32. hxg4 a4 33. f4 a3 34. f5 a2
35. f6 b3 36. Qd7 gxf6 37. exf6 Ne4+ 38. Kg2 Nxf6 39. Qa4 b2 40. Qxa2 bxa1=Q
41. Qxa1 Ne4 42. Qe5 Rbc8 0-1

[Event "I Festival Capo d'Orso"]
[Site "Portomannu - Palau ITA"]
[Date "2007.05.26"]
[Round "9"]
[White "Calabrese, Antonino"]
[Black "Gangemi, Salvatore"]
[Result "0-1"]
[WhiteElo "1930"]
[BlackElo "2063"]
[PlyCount "148"]
[EventDate "2007.05.19"]

1. e4 e6 2. d3 d5 3. Nd2 c5 4. Ngf3 Nc6 5. g3 Be7 6. Bg2 Nf6 7. O-O dxe4 8.
dxe4 e5 9. Re1 Qc7 10. h3 Be6 11. Ng5 Bd7 12. c3 h6 13. Ngf3 Rd8 14. Qe2 b5 15.
b3 O-O 16. Bb2 a5 17. Rad1 Rfe8 18. c4 b4 19. Nf1 Nd4 20. Nxd4 cxd4 21. Rd3 Bc5
22. g4 g6 23. Bc1 Kg7 24. Qd2 Ng8 25. Ng3 a4 26. f4 exf4 27. Qxf4 Bd6 28. Qf2
Be5 29. Rf1 Be6 30. Ne2 a3 31. Nxd4 Bxc4 32. bxc4 Qxc4 33. Rfd1 Rd6 34. Be3
Red8 35. Bf1 Kh7 36. R3d2 Qc3 37. Qxf7+ Bg7 38. Qb3 Bxd4 39. Rxd4 Qxb3 40. axb3
Rxd4 41. Rxd4 a2 42. Rxd8 a1=Q 43. Bd4 Qe1 44. Rd7+ Ne7 45. Rxe7+ Kg8 46. Bf2
Qc3 47. Bc4+ Kf8 48. Rf7+ Ke8 49. Kg2 Qe5 50. Bd5 Qg5 51. Rf3 Qd2 52. h4 Ke7
53. Kg3 Qc1 54. Bc4 Ke8 55. Bf7+ Ke7 56. Bxg6 Qc7+ 57. Kg2 Qe5 58. Bg3 Qb2+ 59.
Kh3 Qb1 60. Kg2 Qc2+ 61. Bf2 Qd2 62. h5 Ke6 63. Kg3 Qd6+ 64. Kh3 Qd1 65. Kg2
Qd2 66. Rf5 Qe2 67. Kg3 Qd3+ 68. Rf3 Qd6+ 69. Kh3 Qd1 70. Bf7+ Kd7 71. Kg3 Qd6+
72. Kg2 Qd2 73. Bc4 Ke8 74. Bb5+ Ke7 0-1

[Event "I Festival Capo d'Orso"]
[Site "Portomannu - Palau ITA"]
[Date "2007.05.26"]
[Round "9"]
[White "Catalini, Giampiero"]
[Black "Marani, Luca"]
[Result "0-1"]
[WhiteElo "1996"]
[BlackElo "1536"]
[PlyCount "68"]
[EventDate "2007.05.19"]

1. d4 d5 2. c4 e6 3. Nc3 Nf6 4. Nf3 c6 5. e3 Bd6 6. Qc2 O-O 7. Bd3 dxc4 8. Bxc4
Nbd7 9. e4 e5 10. O-O exd4 11. Rd1 dxc3 12. Rxd6 Qe7 13. Rd1 cxb2 14. Bxb2 Qxe4
15. Qb3 Qg6 16. Rd6 Qh5 17. Rad1 Nc5 18. Qb4 Nfe4 19. Rd8 Bg4 20. Rxa8 Rxa8 21.
Be2 Ng5 22. Qd4 Nce6 23. Qe3 Nxf3+ 24. gxf3 Bh3 25. f4 Qg6+ 26. Qg3 Nxf4 27.
Bf3 Re8 28. Qxg6 hxg6 29. Bc1 Ne2+ 30. Bxe2 Rxe2 31. Bd2 Re4 32. f3 Re2 33. a3
Bg2 34. Be1 Bxf3 0-1

[Event "I Festival Capo d'Orso"]
[Site "Portomannu - Palau ITA"]
[Date "2007.05.26"]
[Round "9"]
[White "Dehmel, Jens"]
[Black "Radice, Luca"]
[Result "1/2-1/2"]
[WhiteElo "2107"]
[BlackElo "2070"]
[PlyCount "47"]
[EventDate "2007.05.19"]

1. e4 e6 2. d4 d5 3. Nc3 dxe4 4. Nxe4 Bd7 5. Nf3 Bc6 6. Bd3 Nd7 7. Qe2 Ngf6 8.
Bd2 Nxe4 9. Bxe4 Bxe4 10. Qxe4 c6 11. O-O-O Qc7 12. Rhe1 Be7 13. Kb1 O-O-O 14.
c4 Nf6 15. Qe2 Rhe8 16. Bc3 c5 17. dxc5 Bxc5 18. Bxf6 gxf6 19. g3 Qb6 20. Rxd8+
Rxd8 21. Rf1 Qd6 22. Kc2 Qa6 23. Kb1 Qd6 24. Kc2 1/2-1/2

[Event "I Festival Capo d'Orso"]
[Site "Portomannu - Palau ITA"]
[Date "2007.05.26"]
[Round "9"]
[White "Efimov, Igor"]
[Black "Djuric, Stefan"]
[Result "1/2-1/2"]
[WhiteElo "2433"]
[BlackElo "2460"]
[PlyCount "23"]
[EventDate "2007.05.19"]

1. d4 Nf6 2. c4 e6 3. Nf3 Bb4+ 4. Nbd2 d5 5. e3 O-O 6. a3 Be7 7. Bd3 b6 8. O-O
Bb7 9. b3 c5 10. Bb2 cxd4 11. Nxd4 Nbd7 12. cxd5 1/2-1/2

[Event "I Festival Capo d'Orso"]
[Site "Portomannu - Palau ITA"]
[Date "2007.05.26"]
[Round "9"]
[White "Fierro Baquero, Martha Lorena"]
[Black "Puzzoni, Christian"]
[Result "1-0"]
[WhiteElo "2339"]
[BlackElo "2113"]
[PlyCount "77"]
[EventDate "2007.05.19"]

1. e4 e5 2. Nf3 Nc6 3. Bb5 a6 4. Ba4 d6 5. Qe2 f5 6. exf5 Nf6 7. d4 e4 8. d5 b5
9. Bb3 Ne7 10. Nd4 Bxf5 11. Bg5 Qd7 12. Bxf6 gxf6 13. Nc3 Rg8 14. Nxe4 Bxe4 15.
Qxe4 Rg4 16. f4 f5 17. Qf3 Bg7 18. O-O-O a5 19. c3 b4 20. cxb4 axb4 21. Rhe1
Bf6 22. Re6 Bxd4 23. Rxd4 Qb5 24. Rc4 Kd8 25. Rf6 Rg8 26. Rc2 Ra5 27. Rf7 h6
28. Qe2 Qe8 29. Rf6 Rg6 30. Re6 Qf7 31. Rxc7 Qxe6 32. dxe6 Kxc7 33. Kb1 d5 34.
Qe5+ Kc6 35. g3 Ra6 36. Bc2 Kc5 37. Qc7+ Nc6 38. e7 Ra7 39. Qxa7+ 1-0

[Event "I Festival Capo d'Orso"]
[Site "Portomannu - Palau ITA"]
[Date "2007.05.26"]
[Round "9"]
[White "Giani, Franco"]
[Black "Valenti, Giuseppe"]
[Result "0-1"]
[WhiteElo "2023"]
[BlackElo "2228"]
[PlyCount "74"]
[EventDate "2007.05.19"]

1. e3 e5 2. c4 Nf6 3. Nc3 c6 4. Nge2 d6 5. d4 Nbd7 6. g3 g6 7. Bg2 Bg7 8. O-O
O-O 9. b3 Re8 10. Bb2 a6 11. Qd2 e4 12. Rad1 b5 13. Qc2 d5 14. c5 b4 15. Na4 a5
16. Rc1 Ba6 17. Rfd1 Bd3 18. Qd2 g5 19. Ba1 Rb8 20. Kh1 Bb5 21. Nb2 Ng4 22. Ng1
Qf6 23. Nh3 Qh6 24. Qe1 Re6 25. Rd2 Qh5 26. Qg1 Rh6 27. Re1 Ndf6 28. Nd1 Nxh2
29. Qxh2 g4 30. Bf1 Qf5 31. Kg1 Bxf1 32. Rxf1 Re8 33. Bb2 gxh3 34. f3 exf3 35.
Rdf2 Ng4 36. Rxf3 Qd3 37. Nf2 Qxf1+ 0-1

[Event "I Festival Capo d'Orso"]
[Site "Portomannu - Palau ITA"]
[Date "2007.05.26"]
[Round "9"]
[White "Kekki, Petri"]
[Black "Chiarotto, Filippo"]
[Result "1-0"]
[WhiteElo "2366"]
[BlackElo "2056"]
[PlyCount "65"]
[EventDate "2007.05.19"]

1. d4 Nf6 2. Nf3 e6 3. e3 Nc6 4. b3 Bb4+ 5. c3 Be7 6. Bb2 d5 7. Nbd2 O-O 8. Bd3
b6 9. Qe2 Bb7 10. O-O Bd6 11. e4 dxe4 12. Nxe4 Nxe4 13. Bxe4 Na5 14. Rad1 Bxe4
15. Qxe4 Qf6 16. c4 Qf4 17. Qe2 Nc6 18. c5 Be7 19. Qb5 Nb8 20. c6 a6 21. Qc4
Qd6 22. d5 exd5 23. Rxd5 Qxc6 24. Qe4 Bf6 25. Nd4 Qe8 26. Qc2 c5 27. Nf5 Bxb2
28. Qxb2 f6 29. Qd2 Nc6 30. Re1 Qb8 31. Rd7 Ne5 32. Rxg7+ Kh8 33. Rxh7+ 1-0

[Event "I Festival Capo d'Orso"]
[Site "Portomannu - Palau ITA"]
[Date "2007.05.26"]
[Round "9"]
[White "Mannu, Michele"]
[Black "Carola, Paolo"]
[Result "0-1"]
[WhiteElo "2128"]
[BlackElo "1960"]
[PlyCount "64"]
[EventDate "2007.05.19"]

1. Nf3 Nf6 2. g3 d5 3. Bg2 Bg4 4. h3 Bh5 5. d3 e6 6. Nbd2 Nc6 7. c3 Be7 8. Qa4
Nd7 9. O-O Nb6 10. Qc2 O-O 11. b3 Bf6 12. Bb2 d4 13. Ne4 dxc3 14. Nxf6+ Qxf6
15. Bxc3 Qe7 16. Nd4 Nxd4 17. Bxd4 Rfd8 18. Qb2 Bxe2 19. Bxg7 Bxf1 20. Bf6 Qd6
21. Rxf1 Qxd3 22. Bxb7 Nd5 23. Bh8 Qg6 24. Bxa8 Rxa8 25. Bd4 c5 26. Be5 f6 27.
Bd6 Rc8 28. Qc1 f5 29. Bxc5 f4 30. g4 h5 31. b4 hxg4 32. hxg4 Qxg4+ 0-1

[Event "I Festival Capo d'Orso"]
[Site "Portomannu - Palau ITA"]
[Date "2007.05.26"]
[Round "9"]
[White "Moos, Gerd Anton Ferdinand"]
[Black "Savarese, Vincenzo"]
[Result "1-0"]
[WhiteElo "2064"]
[BlackElo "1867"]
[PlyCount "99"]
[EventDate "2007.05.19"]

1. e4 e6 2. d4 d5 3. Nd2 Nf6 4. e5 Nfd7 5. Bd3 c5 6. c3 Nc6 7. Ne2 Qb6 8. Nf3
cxd4 9. cxd4 f6 10. exf6 Nxf6 11. O-O Bd6 12. b3 O-O 13. Bf4 Bxf4 14. Nxf4 Kh8
15. Ne2 e5 16. dxe5 Ng4 17. Nc3 Ncxe5 18. Nxe5 Nxe5 19. Nxd5 Qd6 20. Be4 Ng4
21. g3 Qh6 22. h4 Be6 23. Qc1 Qh5 24. Qg5 Qxg5 25. hxg5 Rad8 26. Nf4 Bc8 27.
Rad1 Ne5 28. Kg2 g6 29. Nd5 Ng4 30. Nf4 Ne5 31. Rh1 b6 32. f3 Kg7 33. Rd5 Rxd5
34. Nxd5 Rd8 35. Rc1 Be6 36. Rc7+ Rd7 37. Rxd7+ Bxd7 38. Nf6 Bc6 39. f4 Bxe4+
40. Nxe4 Nd3 41. Kf3 Nc1 42. Nc3 a6 43. Ke3 b5 44. Kd2 b4 45. Kxc1 bxc3 46. Kc2
h6 47. Kxc3 Kf7 48. b4 Ke6 49. a4 Kf5 50. b5 1-0

[Event "I Festival Capo d'Orso"]
[Site "Portomannu - Palau ITA"]
[Date "2007.05.26"]
[Round "9"]
[White "Naumkin, Igor"]
[Black "Seger, Ruediger"]
[Result "1/2-1/2"]
[WhiteElo "2497"]
[BlackElo "2399"]
[PlyCount "31"]
[EventDate "2007.05.19"]

1. d4 Nf6 2. c4 g6 3. Nc3 d5 4. cxd5 Nxd5 5. e4 Nxc3 6. bxc3 c5 7. Bc4 Bg7 8.
Ne2 Nc6 9. Be3 cxd4 10. cxd4 Qa5+ 11. Bd2 Qh5 12. d5 Ne5 13. Bb5+ Bd7 14. Bxd7+
Nxd7 15. Rb1 O-O 16. O-O 1/2-1/2

[Event "I Festival Capo d'Orso"]
[Site "Portomannu - Palau ITA"]
[Date "2007.05.26"]
[Round "9"]
[White "Niccoli, Paolo"]
[Black "Mazzariol, Oscar"]
[Result "0-1"]
[WhiteElo "1886"]
[BlackElo "2018"]
[PlyCount "76"]
[EventDate "2007.05.19"]

1. e4 c5 2. Nf3 e6 3. d4 cxd4 4. Nxd4 Nf6 5. Nc3 d6 6. Bg5 a6 7. f4 Nbd7 8. Qf3
Qc7 9. O-O-O b5 10. Bd3 Bb7 11. Rhe1 Be7 12. Qg3 h6 13. Bh4 b4 14. Nd5 Nxd5 15.
exd5 Bxh4 16. Qxh4 Bxd5 17. Nf5 g5 18. Ng7+ Kf8 19. fxg5 Qd8 20. Nxe6+ Bxe6 21.
Rxe6 fxe6 22. Qf4+ Kg7 23. gxh6+ Rxh6 24. Qxd6 Qg5+ 25. Kb1 Nc5 26. Qc7+ Kh8
27. Bf1 Rh7 28. Qc6 Rd8 29. Bd3 Rxh2 30. Qc7 Rh6 31. b3 Rd7 32. Qb8+ Kg7 33.
Rf1 Nxd3 34. Qf8+ Kh7 35. cxd3 a5 36. Qe8 Qg7 37. g4 Rh2 38. d4 Rxd4 0-1

[Event "I Festival Capo d'Orso"]
[Site "Portomannu - Palau ITA"]
[Date "2007.05.26"]
[Round "9"]
[White "Nickel, Arno"]
[Black "Cocchi, Andrea"]
[Result "0-1"]
[WhiteElo "2101"]
[BlackElo "2321"]
[PlyCount "135"]
[EventDate "2007.05.19"]

1. Nf3 Nf6 2. d4 e6 3. e3 c5 4. c4 cxd4 5. exd4 d5 6. Nc3 Bb4 7. Qb3 Nc6 8. Be2
O-O 9. O-O dxc4 10. Qxc4 Be7 11. Rd1 Nb4 12. Ne5 Bd7 13. Bf3 Rc8 14. Qb3 Bc6
15. Nxc6 bxc6 16. Bf4 Nbd5 17. Be5 Qb6 18. Qc2 Nd7 19. Bg3 Rfd8 20. Ne4 Nf8 21.
a3 Ng6 22. Rac1 Nh4 23. Bxh4 Bxh4 24. g3 Bf6 25. Nc5 Ne7 26. Be4 g6 27. Qc3 Rd6
28. b4 Rcd8 29. Nb3 Kg7 30. Kg2 h5 31. h4 Qb5 32. Qf3 Qa4 33. Nc5 Qb5 34. Nb3
Qb6 35. Rc4 Qa6 36. Na5 Bxd4 37. Bxc6 Bf6 38. Rxd6 Rxd6 39. Rc2 Nf5 40. Bb7 Qb5
41. Rc5 Qd7 42. Bc6 Qe7 43. Nb3 Bb2 44. Ra5 Nd4 45. Nxd4 Bxd4 46. b5 e5 47. Qe2
Qc7 48. Ra6 Rf6 49. Bf3 Rf5 50. Rc6 Qe7 51. Qd3 Bc5 52. a4 Kh7 53. Qe4 Bd4 54.
Rc2 Qa3 55. Re2 Qxa4 56. Qd3 Qb4 57. Be4 Rf6 58. Bc6 Kg7 59. Qc2 Qd6 60. Qe4
Qc5 61. Qc2 Qb6 62. Qa2 a6 63. Qd5 axb5 64. Bxb5 Bxf2 65. Qxe5 Bd4 66. Qd5 Rf5
67. Qc4 Rxb5 68. Re7 0-1

[Event "I Festival Capo d'Orso"]
[Site "Portomannu - Palau ITA"]
[Date "2007.05.26"]
[Round "9"]
[White "Ori, Marco"]
[Black "Grooten, Herman"]
[Result "0-1"]
[WhiteElo "2129"]
[BlackElo "2392"]
[PlyCount "80"]
[EventDate "2007.05.19"]

1. e4 c5 2. Nf3 d6 3. d4 cxd4 4. Qxd4 a6 5. c4 Nf6 6. Nc3 e6 7. Be2 Be7 8. O-O
O-O 9. b3 b6 10. Ba3 Nc6 11. Qd2 Ra7 12. Nd4 Bd7 13. Rfd1 Qa8 14. f3 Rd8 15.
Qe3 Qb8 16. Rd2 h6 17. Rad1 Ne8 18. f4 Bf6 19. Nf3 Bc8 20. Kh1 Rb7 21. Bb2 Be7
22. Bd3 b5 23. cxb5 axb5 24. Bb1 b4 25. Ne2 Rc7 26. e5 Qa7 27. Qe4 g6 28. Ned4
d5 29. Qe1 Nxd4 30. Nxd4 Qb6 31. Qg3 Ng7 32. Qh3 h5 33. g4 hxg4 34. Qxg4 Nf5
35. Rg1 Rc3 36. Nxf5 exf5 37. Qd1 d4 38. Rg3 Bb7+ 39. Kg1 Qc6 40. Kf2 Bh4 0-1

[Event "I Festival Capo d'Orso"]
[Site "Portomannu - Palau ITA"]
[Date "2007.05.26"]
[Round "9"]
[White "Orlov, Andrey"]
[Black "Matamoros Franco, Carlos S."]
[Result "1/2-1/2"]
[WhiteElo "2447"]
[BlackElo "2523"]
[PlyCount "21"]
[EventDate "2007.05.19"]

1. e4 e5 2. Nf3 Nc6 3. d4 exd4 4. Nxd4 Bb4+ 5. c3 Bc5 6. Nxc6 bxc6 7. Nd2 d6 8.
b4 Bb6 9. a4 Qf6 10. Qf3 Qxf3 11. gxf3 1/2-1/2

[Event "I Festival Capo d'Orso"]
[Site "Portomannu - Palau ITA"]
[Date "2007.05.26"]
[Round "9"]
[White "Ortega, Lexy"]
[Black "Adrian, Claude"]
[Result "1/2-1/2"]
[WhiteElo "2425"]
[BlackElo "2280"]
[PlyCount "49"]
[EventDate "2007.05.19"]

1. d4 c5 2. d5 e6 3. dxe6 fxe6 4. e4 d5 5. Nc3 d4 6. Nce2 Nc6 7. Nf4 Nf6 8. Bc4
Bd6 9. Qe2 Bxf4 10. Bxf4 O-O 11. Nf3 Kh8 12. O-O Qe7 13. e5 Nd5 14. Bd2 Nf4 15.
Qe4 Ng6 16. Bd3 Bd7 17. Rae1 Rf5 18. h4 Raf8 19. Bg5 Qe8 20. Qe2 Rxf3 21. gxf3
Ngxe5 22. Be4 d3 23. Qe3 Nd4 24. f4 Nxc2 25. Qxc5 1/2-1/2

[Event "I Festival Capo d'Orso"]
[Site "Portomannu - Palau ITA"]
[Date "2007.05.26"]
[Round "9"]
[White "Pantaleoni, Claudio"]
[Black "Friedrich, Norbert"]
[Result "0-1"]
[WhiteElo "2219"]
[BlackElo "2317"]
[PlyCount "60"]
[EventDate "2007.05.19"]

1. d4 d5 2. c4 c6 3. Nf3 Nf6 4. Nc3 e6 5. g3 dxc4 6. Bg2 b5 7. Ne5 Nd5 8. e4
Nxc3 9. bxc3 Be7 10. O-O Bb7 11. Qg4 O-O 12. Bh6 Bf6 13. f4 Kh8 14. Bg5 Qe7 15.
h4 Nd7 16. Nf3 c5 17. Rae1 cxd4 18. cxd4 Rac8 19. Kh2 c3 20. d5 exd5 21. Nd4
dxe4 22. Nf5 Qd8 23. Nd6 Bxg5 24. fxg5 Ne5 25. Qd1 Rc7 26. Nxb5 Rd7 27. Qa4
Nf3+ 28. Bxf3 exf3 29. Rf2 Qb6 30. Ref1 Rd2 0-1

[Event "I Festival Capo d'Orso"]
[Site "Portomannu - Palau ITA"]
[Date "2007.05.26"]
[Round "9"]
[White "Rowson, Jonathan"]
[Black "Steingrimsson, Hedinn"]
[Result "1/2-1/2"]
[WhiteElo "2594"]
[BlackElo "2482"]
[PlyCount "92"]
[EventDate "2007.05.19"]

1. d4 Nf6 2. c4 e6 3. Nc3 Bb4 4. Qc2 c5 5. dxc5 O-O 6. a3 Bxc5 7. Nf3 b6 8. Bf4
Bb7 9. Rd1 Nc6 10. e3 Nh5 11. Bg3 Be7 12. Be2 h6 13. Bd6 Bxd6 14. Rxd6 Qe7 15.
Qd2 Nf6 16. O-O Rfd8 17. Rd1 Na5 18. b4 Bxf3 19. gxf3 Nb7 20. Rd4 a5 21. Qb2
axb4 22. axb4 e5 23. Nd5 Nxd5 24. Rxd5 d6 25. Rb5 Qc7 26. Bd3 Ra7 27. Be4 Rda8
28. Qe2 Ra2 29. Qf1 R8a7 30. Bb1 R2a3 31. Rc1 g6 32. Be4 Ra2 33. Bd5 Rd2 34.
Rd1 Rxd1 35. Qxd1 Nd8 36. f4 Kg7 37. Qf3 exf4 38. exf4 Ne6 39. Qc3+ Kh7 40. Qf6
Qe7 41. Qxe7 Rxe7 42. Rxb6 Nxf4 43. Kf1 Nxd5 44. cxd5 Re4 45. b5 Rb4 46. Ke2
Kg7 1/2-1/2

[Event "I Festival Capo d'Orso"]
[Site "Portomannu - Palau ITA"]
[Date "2007.05.26"]
[Round "9"]
[White "Schaefer, Michael"]
[Black "Glienke, Manfred"]
[Result "1/2-1/2"]
[WhiteElo "2228"]
[BlackElo "2312"]
[PlyCount "34"]
[EventDate "2007.05.19"]

1. d4 d6 2. c4 e6 3. Nc3 g6 4. e4 Bg7 5. Be3 Ne7 6. Qd2 h6 7. Bd3 Nbc6 8. Nge2
e5 9. Bc2 f5 10. f3 f4 11. Bf2 g5 12. d5 Nb8 13. c5 O-O 14. O-O-O Nd7 15. cxd6
cxd6 16. Kb1 Nb6 17. Nb5 a6 1/2-1/2

[Event "I Festival Capo d'Orso"]
[Site "Portomannu - Palau ITA"]
[Date "2007.05.26"]
[Round "9"]
[White "Simone, Marco"]
[Black "Ibba, Isacco"]
[Result "0-1"]
[WhiteElo "1885"]
[BlackElo "2203"]
[PlyCount "46"]
[EventDate "2007.05.19"]

1. e4 Nf6 2. e5 Nd5 3. d4 d6 4. Nf3 g6 5. Bc4 Nb6 6. Bb3 Bg7 7. O-O O-O 8. Bf4
Nc6 9. Qd2 Bg4 10. exd6 cxd6 11. Ng5 Nxd4 12. Nc3 Nxb3 13. axb3 f6 14. Nge4 d5
15. Nc5 e5 16. Bh6 Qe7 17. Bxg7 Kxg7 18. N5a4 Nxa4 19. Nxd5 Rfd8 20. bxa4 Be6
21. c4 Qc5 22. Rfd1 Qxc4 23. Rac1 Qxd5 0-1

[Event "I Festival Capo d'Orso"]
[Site "Portomannu - Palau ITA"]
[Date "2007.05.26"]
[Round "9"]
[White "Venturino, Marco"]
[Black "Godena, Michele"]
[Result "0-1"]
[WhiteElo "2173"]
[BlackElo "2558"]
[PlyCount "82"]
[EventDate "2007.05.19"]

1. d4 d5 2. c4 e6 3. Nf3 Nf6 4. g3 a6 5. Bg2 dxc4 6. Ne5 c5 7. Be3 Nd5 8. dxc5
Qc7 9. Bd4 Bxc5 10. Nc3 Nxc3 11. bxc3 O-O 12. Bxc5 Qxc5 13. Qd4 Nd7 14. Nxc4 e5
15. Qxc5 Nxc5 16. O-O-O Na4 17. Kc2 Bf5+ 18. Kb3 Nc5+ 19. Kb2 f6 20. Nd6 Be6
21. Bd5 Rfd8 22. Bxe6+ Nxe6 23. Nc4 Rac8 24. Nb6 Rc6 25. Rxd8+ Nxd8 26. Nd5 Kf7
27. Rd1 Ne6 28. Nb4 Rc7 29. Nd3 Ke8 30. Nb4 Nc5 31. Nd5 Rc6 32. Nb4 Rc8 33. Nd5
b5 34. Nb6 Rc6 35. Nd5 Kf7 36. Nb4 Na4+ 37. Ka1 Rxc3 38. Nxa6 Rc2 39. Re1 Nc3
40. Nb4 Rd2 41. Rc1 Nxe2 0-1

[Event "I Festival Capo d'Orso"]
[Site "Portomannu - Palau ITA"]
[Date "2007.05.26"]
[Round "9"]
[White "Virzi, Ettore"]
[Black "Doggers, Peter"]
[Result "0-1"]
[WhiteElo "1945"]
[BlackElo "2247"]
[PlyCount "68"]
[EventDate "2007.05.19"]

1. e4 e5 2. Nf3 Nc6 3. Bb5 a6 4. Ba4 Nf6 5. O-O Be7 6. Re1 b5 7. Bb3 d6 8. c3
O-O 9. h3 Na5 10. Bc2 c5 11. d4 Qc7 12. Nbd2 cxd4 13. cxd4 Rd8 14. b3 Nc6 15.
Bb2 exd4 16. Nxd4 Nxd4 17. Bxd4 Be6 18. Rc1 Qb7 19. Nf3 h6 20. Qd3 Rac8 21.
Bxf6 Bxf6 22. e5 dxe5 23. Qh7+ Kf8 24. Rcd1 Rxd1 25. Rxd1 Qc7 26. Bf5 Bxf5 27.
Qxf5 Qc2 28. Rd3 Re8 29. Qh7 Qc1+ 30. Kh2 g6 31. Rd7 Bg7 32. Nh4 Qf4+ 33. g3
Qxf2+ 34. Kh1 Qf6 0-1

[Event "I Festival Capo d'Orso"]
[Site "Portomannu - Palau ITA"]
[Date "2007.05.26"]
[Round "9"]
[White "Zoldan, Matteo"]
[Black "Pedroni, Marco"]
[Result "1/2-1/2"]
[WhiteElo "2121"]
[BlackElo "1530"]
[PlyCount "21"]
[EventDate "2007.05.19"]

1. e4 e6 2. d4 d5 3. exd5 exd5 4. Bd3 Bd6 5. Nf3 Nf6 6. O-O O-O 7. Bg5 c6 8.
Nbd2 Bg4 9. c3 Nbd7 10. Qc2 Qc7 11. Rfe1 1/2-1/2

[Event "C.to Regionale Lombardia"]
[Site "Mediglia ITA"]
[Date "2007.05.26"]
[Round "2"]
[White "Tomassoni, Leonardo"]
[Black "Rettore, Ludwig"]
[Result "0-1"]
[WhiteElo "2023"]
[BlackElo "2172"]
[PlyCount "58"]
[EventDate "2007.05.25"]

1. e4 e5 2. Nf3 Nc6 3. Bc4 Bc5 4. O-O Nf6 5. d3 d6 6. c3 a6 7. b4 Ba7 8. Qb3
O-O 9. a4 Bg4 10. Ng5 Qe7 11. Be3 Nh5 12. Bd2 Qf6 13. d4 exd4 14. h3 Bd7 15.
Kh2 h6 16. Nf3 d3 17. Bxd3 Nf4 18. Bxf4 Qxf4+ 19. Kh1 Bxh3 20. Nbd2 Bg4 21. Qc2
Ne5 22. Be2 Rae8 23. Rae1 Nxf3 24. Bxf3 Re5 25. Bxg4 Qxg4 26. Nf3 Rh5+ 27. Kg1
Rh3 28. Qd1 Rg3 29. Nh4 Qxh4 0-1

[Event "II Open"]
[Site "Bolzano - Bozen ITA"]
[Date "2007.05.25"]
[Round "1"]
[White "Bernardi, Ruben"]
[Black "Gasparro, Antonio"]
[Result "1-0"]
[WhiteElo "2109"]
[BlackElo "1473"]
[PlyCount "69"]
[EventDate "2007.05.25"]

1. e4 e6 2. d3 d5 3. Nd2 c5 4. Ngf3 Nf6 5. g3 Be7 6. Bg2 O-O 7. e5 Nfd7 8. O-O
Nc6 9. Re1 Qc7 10. Qe2 b6 11. h4 Bb7 12. Nf1 Rae8 13. Bf4 Qc8 14. c3 f6 15.
exf6 Bxf6 16. Bd6 Rf7 17. N1h2 Kh8 18. Ng5 Bxg5 19. hxg5 Nf8 20. Ng4 Qd7 21.
Bxf8 Rfxf8 22. Bh3 Qf7 23. Rad1 e5 24. Bg2 Qe6 25. f4 Bc8 26. Nxe5 Nxe5 27.
Qxe5 Qxe5 28. Rxe5 Rxe5 29. fxe5 Be6 30. d4 g6 31. dxc5 bxc5 32. Bxd5 Rd8 33.
c4 Kg7 34. Kf2 a5 35. Ke3 1-0

[Event "II Open"]
[Site "Bolzano - Bozen ITA"]
[Date "2007.05.25"]
[Round "1"]
[White "Bevilacqua, Maurizio"]
[Black "Pretto, Aldo"]
[Result "1-0"]
[WhiteElo "2170"]
[BlackElo "1491"]
[PlyCount "49"]
[EventDate "2007.05.25"]

1. d4 d5 2. Nf3 e6 3. c4 Be7 4. g3 b6 5. cxd5 exd5 6. Nc3 Nf6 7. Bf4 Nbd7 8.
Nb5 Bb4+ 9. Nd2 O-O 10. Nxc7 Bxd2+ 11. Qxd2 Ne4 12. Qc2 Qf6 13. Bg2 Bb7 14.
Nxa8 Bxa8 15. Rd1 Bc6 16. O-O Qe6 17. Rc1 Rc8 18. Bxe4 dxe4 19. d5 Qxd5 20.
Rfd1 Qe6 21. Rd6 Bb7 22. Qxc8+ Bxc8 23. Rxc8+ Nf8 24. Rxe6 fxe6 25. Bd6 1-0